VITA PASTORALE, ANNO 86-N.08/09 (AGOSTO/SETTEMBRE 1998) (Record n. 180205)

Dettagli MARC
000 -LEADER
fixed length control field 01012nas a2200253Ia 4500
001 - CONTROL NUMBER
control field R452/F3324
003 - CONTROL NUMBER IDENTIFIER
control field IT-RoPAU
008 - FIXED-LENGTH DATA ELEMENTS--GENERAL INFORMATION
fixed length control field 151124c99999999xx |||||||||||| ||und||
040 ## - CATALOGING SOURCE
Original cataloging agency IT-RoPAU
040 ## - CATALOGING SOURCE
Transcribing agency IT-RoPAU
041 ## - LANGUAGE CODE
Language code of text/sound track or separate title ITALIANO
100 ## - MAIN ENTRY--PERSONAL NAME
Personal name De Pieri Severino
Miscellaneous information Codice Aut. SPICS: 50958
210 ## - ABBREVIATED TITLE
Abbreviated title VITA PASTORALE
222 ## - KEY TITLE
Key title Vita Pastorale
245 ## - TITLE STATEMENT
Title VITA PASTORALE, ANNO 86-N.08/09 (AGOSTO/SETTEMBRE 1998)
Remainder of title Problemi Attuali Della Formazione
250 ## - EDITION STATEMENT
Edition statement 1a ed.
260 ## - PUBLICATION, DISTRIBUTION, ETC. (IMPRINT)
Place of publication, distribution, etc. ALBA (CN)
Name of publisher, distributor, etc. PERIODICI SAN PAOLO
Date of publication, distribution, etc. 1998
300 ## - PHYSICAL DESCRIPTION
Extent 3 p. [120-122]
362 ## - DATES OF PUBLICATION AND/OR SEQUENTIAL DESIGNATION
Dates of publication and/or sequential designation ANNO 086, N.08/09 (AGOSTO/SETTEMBRE 1998)
501 ## - WITH NOTE
-- Paulus - SPICS - Società San Paolo EM (non-commercial uses only)
-- Copyright2015
500 ## - GENERAL NOTE
General note Apporto Delle Scienze Umane Alla Formazione. Evoluzione e Tendenze della Ricerca Pedagogica Sulla Formazione. Esperienza Sisf di Venezia. Contributo al Dossier "Consacrati, Sacerdoti e Problemi Psichici".
650 ## - SUBJECT ADDED ENTRY--TOPICAL TERM
Topical term or geographic name as entry element PASTORALE
Form subdivision PUBBLICAZIONE PERIODICA
942 ## - ADDED ENTRY ELEMENTS (KOHA)
Koha item type RIVISTA
Dati di copia
Withdrawn status Lost status Damaged status Not for loan Home library Current library Date acquired Total Checkouts Full call number Date last seen Price effective from Koha item type Public note
    Buone Condizioni Not For Loan SPICS-MEDIATECA SPICS-MEDIATECA 25/11/2015   R452/F3324 25/11/2015 25/11/2015 RIVISTA Progr. Ins: 79025 / Copia rara: NO / date import: 25.11.2015 / By Epidotti, Trombetti, Vaglietti
CREDITS: SOCIETA' SAN PAOLO Via A.Severo, 58 - ROMA (RM) & PERIODICI SAN PAOLO SRL Via Giotto, 36 MILANO & CISF Via Giotto, 36 MILANO & EDIZIONI SAN PAOLO SRL,  Piazza Soncino, 5 CINISELLO BALSAMO (MI) -- ITALY